000 00507nam a2200181Ia 4500
001 1962
005 20260306143807.0
008 260306t2013||||xx |||||||||||||| ||spa||
041 _aESP
082 _a158.7
_bD98
100 _aDuro Martín, Antonio
_eAUT
245 0 _aPsicología de la calidad de vida laboral:
_btrabajo, trabajador y consecuencias del trabajo sobre el trabajador
260 _c2013
300 _a182 páginas :
_c24 cm.
650 _aGEN
654 _aCPS
942 _cLIB
_dJUS
_fJUS
_2ddc
_n
999 _c1962
_d1962